| 000 | 00862nam a22002295i 4500 | ||
|---|---|---|---|
| 001 | 152126 | ||
| 003 | ES-MaACL | ||
| 005 | 20260305063021.0 | ||
| 008 | 000124s1887 fr d |||| | fre d | ||
| 040 |
_aM-RACE _bspa _cM-RACE _dCCPB | B |
||
| 080 | _a159.962 | ||
| 100 | 1 |
_aBinet, Alfred, _d1857-1911 _928916 |
|
| 245 | 1 | 3 |
_aLe magnétisme animal / _cpar Alfred Binet et Ch. Féré. |
| 260 |
_aParis : _bAncienne Libr. Germer Baillière et Cie., : _bFélix Alcan, _c1887 ( _fTours : Imprimerie E. Arrault et Cie.) |
||
| 300 |
_a283 p. ; _c22 cm. |
||
| 490 | 1 |
_aBibliothèque scientifique internationale ; _v57 |
|
| 650 | 4 |
_aMagnetismo personal. _9136450 |
|
| 700 | 0 |
_aFéré, Charles. _949279 |
|
| 830 | 0 |
_aBibliothèque scientifique internationale ; _v57 _9186949 |
|
| 852 |
_aES-MaACL _jF-14386 _z-- Enc. ed. en tela |
||
| 999 |
_c152126 _d152126 |
||